|
|
|
|
| LEADER |
00000nam a2200000 a 4500 |
| 001 |
UCX2301 |
| 003 |
CL-VaPUC |
| 008 |
910418e19710000SP |||||||||||||||||spa|d |
| 082 |
0 |
4 |
|a Gu863
|b AST
|2 21
|
| 100 |
0 |
|
|a Asturias, Miguel Angel
|e author
|9 309802
|
| 245 |
1 |
0 |
|a Leyendas de Guatemala
|
| 300 |
|
|
|a 168 p
|
| 942 |
|
|
|c BK
|
| 945 |
|
|
|d 19910418 00:00:00
|
| 260 |
|
|
|a Pamplona
|b Salvat
|c 1971
|
| 650 |
|
7 |
|a FOLKLORE
|2 CL-VaPUC
|9 268291
|
| 650 |
|
7 |
|a LEYENDAS
|2 CL-VaPUC
|9 265258
|
| 651 |
|
0 |
|a Guatemala
|9 258335
|
| 583 |
|
|
|a last modification
|c 20120708 10:25:33
|k Rodrigo Vera
|
| 490 |
0 |
|
|a Biblioteca Básica Salvat, 14
|
| 999 |
|
|
|c 223348
|d 223346
|
| 952 |
|
|
|0 0
|1 0
|4 0
|6 GU_863_000000000000000_AST_1971
|7 0
|8 A
|9 219037
|a BIBEDU
|b BIBEDU
|d 2019-11-15
|i 2878348
|o Gu863 AST 1971
|p 2878348
|r 2019-11-15
|w 2019-11-15
|y BK
|k LIT
|
| 952 |
|
|
|0 0
|1 0
|4 0
|6 GU_863_000000000000000_AST_1971
|7 0
|8 A
|9 219038
|a BIBEDU
|b BIBEDU
|d 2019-11-15
|i 3184617
|l 11
|m 6
|o Gu863 AST 1971
|p 3184617
|r 2024-12-06
|s 2024-11-25
|w 2019-11-15
|y BK
|k LIT
|
| 952 |
|
|
|0 0
|1 0
|4 0
|6 GU_863_000000000000000_AST_1971
|7 0
|8 A
|9 219039
|a BIBEDU
|b BIBEDU
|d 2019-11-15
|i 3270149
|o Gu863 AST 1971
|p 3270149
|r 2019-11-15
|w 2019-11-15
|y BK
|k LIT
|